000 00621nab a2200193 4500
001 244442
003 OSt
005 20230731115546.0
007 tu
008 200917s2020|||||||
040 _aDE-2950
_cDE-2950
245 0 0 _aStadtwald profitiert von Fördermitteln.
_bÖkologie. Die Strategie der Frankfurter Försterei eines an das Klima angepassten Waldmanagements ist zertifiziert worden/
_cred
264 _c2023
653 _aFrankfurt (Oder)
653 _aStadtwald
653 _aWaldmanagement
773 0 _g34. Jahrgang (2023) Nr. 167 vom 20.07.2023, S. 15, mit Foto
_tMärkische Oderzeitung
942 _2z
_cA
999 _c372648
_d372648